Fyzikálne princípy a technika prenosu diskrétnych informácií /

Salvato in:
Dettagli Bibliografici
Autore principale: Filippov, Leonid Ivanovič (Autore)
Altri autori: Doval, V (Traduttore)
Natura: Libro
Lingua:slovacco
Pubblicazione: Bratislava : Alfa, 1982
Edizione:1.vyd.
Soggetti:
Tags: Aggiungi Tag
Nessun Tag, puoi essere il primo ad aggiungerne!!

MARC

LEADER 00000nam a22000003a 4500
001 stu36065
005 20150617225731.7
008 920520s1982----cs------------------slo-d
040 |a STU  |b slo 
041 0 |a slo 
044 |a cs 
080 |a 621.3.037 
100 1 |a Filippov, Leonid Ivanovič  |4 aut 
245 1 |a Fyzikálne princípy a technika prenosu diskrétnych informácií /  |c [aut.]L.I. Filippov; Z rus. V. Doval 
250 |a 1.vyd. 
260 |a Bratislava :  |b Alfa,  |c 1982 
300 |a 102 s 
650 7 |a systémy informačné  |2 stusub 
650 7 |a ASR  |2 stusub 
650 7 |a Dáta  |2 stusub 
650 7 |a prenos  |2 stusub 
700 1 |a Doval, V  |4 trl 
996 |b 284M045606  |c M*1070-1  |l MMKN  |s A  |a 24  |w stu36065_0001